| 000 | 008210000a22001210004500 | ||
|---|---|---|---|
| 773 | 0 | _tPerfiles: revista de la comunidad académica UDES | |
| 100 | 1 | _aCastillo Villabona, Lyda Patricia | |
| 245 | 1 | 0 | _aUna mirada a la academia y la investigación en ambientes virtuales: sus características basadas en el uso de las tecnologías de la información y la comunicación (TIC) |
| 300 | _aVol.0, núm.2 ( , 2005), Páginas 34-41 | ||
| 520 | _aIntroducción, TICS para apoyar el quehacer académico,la investigación en línea y la gestión tecnológica, Características de la Investigación En Línea, Destrezas del Investigador para el uso de las TICS para la educación, la Investigación y la Gestión Tecnológica, Compiliación: Algunos resultados de estudios realizados. | ||
| 650 | 1 | 4 | _aEDUCACIÓN VIRTUAL |
| 942 | _cANA | ||
| 999 |
_c62568 _d62568 |
||